00748nam a22002057a 450000500170000001000150001702000260003203500130005803700130007108200160008424501200010026000390022027000440025930000200030350000190032370000240034294200300036699900170039695201290041320150908125051.0 aENG-113460 c600.00a9788173872273 aEN-96992 bDBAD/PUB a338.1760954 aSustainable pastoralism in the Himalayas /cedited by Nehal A. Farooquee...[et al] ; foreworded by M.S. Swaminathan aNew DelhibIndus Publishing c2011 aFS- 5, Tagore GardenbNew Delhie110027 a263p.c22cm(Hb) aIncludes Index aFarooquee, Nehal A. 2ddccENmSUSh338.1760954 c94886d94886 001040718NFICaDBADbDBADd2015-07-14eDBAD/PUBg600.00l0o338.1760954 SUSpEN-96992r2015-07-14 00:00:00t1v600.00yEN